000
00238nam a2200097Ia 4500
008
170619s9999 xx 000 0 und d
100
_a
kasana H S
245
0
_a
Complex Variable Theory and Application
260
_b
New Delhi: PHI
260
_c
2005
546
_a
ENGLISH
999
_c
17746
_d
17746